La nascita della filosofia
Gorde:
| Egile nagusia: | |
|---|---|
| Formatua: | Liburua |
| Hizkuntza: | italiera |
| Argitaratua: |
Milán
Adelphi Edizione
2006
|
| Edizioa: | 20a. ed |
| Saila: | Piccola Biblioteca Adelphi, 29
|
| Gaiak: | |
| Etiketak: |
Etiketa erantsi
Etiketarik gabe, Izan zaitez lehena erregistro honi etiketa jartzen!
|
MARC
| LEADER | 00000cam a2200000 a 4500 | ||
|---|---|---|---|
| 001 | UCF2866 | ||
| 003 | CL-VaPUC | ||
| 008 | 120910e20060000IT |||||||||||||||||ita|d | ||
| 020 | |a 8845901815 | ||
| 082 | 0 | 4 | |a 109 |b COL |2 21 |
| 100 | 0 | |a Colli, Giorgio |e author |9 564700 | |
| 245 | 1 | 3 | |a La nascita della filosofia |
| 250 | |a 20a. ed | ||
| 300 | |a 116 p | ||
| 942 | |c BK | ||
| 945 | |d 20120910 00:00:00 |a dcastane | ||
| 260 | |a Milán |b Adelphi Edizione |c 2006 | ||
| 650 | 0 | |a Historia de la filosofía |9 256920 | |
| 650 | 0 | |a Escuelas filosóficas |9 266232 | |
| 583 | |a last modification |c 20120910 11:39:00 |k Rodrigo Vera | ||
| 490 | 0 | |a Piccola Biblioteca Adelphi, 29 | |
| 999 | |c 349404 |d 349402 | ||
| 952 | |0 0 |1 0 |4 0 |6 109_000000000000000_COL_2006 |7 0 |8 A |9 452015 |a BIBEDU |b BIBEDU |d 2019-11-22 |i 4902386 |o 109 COL 2006 |p 4902386 |r 2019-11-22 |w 2019-11-22 |y BK |k FIL | ||